Welcome to CU Library Online Public Access Catalogue (OPAC)

The Writings of the Fathers Down to A.D. 325 (Record no. 5285)

MARC details
000 -LEADER
fixed length control field 00548nam a22001697a 4500
005 - DATE AND TIME OF LATEST TRANSACTION
control field 20250328104853.0
008 - FIXED-LENGTH DATA ELEMENTS--GENERAL INFORMATION
fixed length control field 250328b |||||||| |||| 00| 0 eng d
020 ## - INTERNATIONAL STANDARD BOOK NUMBER
International Standard Book Number 1565630882
050 ## - LIBRARY OF CONGRESS CALL NUMBER
Classification number BR60 ANT
245 ## - TITLE STATEMENT
Title The Writings of the Fathers Down to A.D. 325
Remainder of title Ante-Nicene Fathers/
Statement of responsibility, etc. Edited by; Alexander Roberts, D.D. & James Donaldson, LL. D
260 ## - PUBLICATION, DISTRIBUTION, ETC.
Place of publication, distribution, etc. Massachusetts
Name of publisher, distributor, etc. Hendrickson Publishers Inc.
Date of publication, distribution, etc. 1994
300 ## - PHYSICAL DESCRIPTION
Extent vii. 572p.
Dimensions 20 cm
650 ## - SUBJECT ADDED ENTRY--TOPICAL TERM
Source of heading or term Theology
700 ## - ADDED ENTRY--PERSONAL NAME
Personal name Roberts Alexander
700 ## - ADDED ENTRY--PERSONAL NAME
Personal name Donaldson James
942 ## - ADDED ENTRY ELEMENTS (KOHA)
Source of classification or shelving scheme Library of Congress Classification
Koha item type Books
Suppress in OPAC No
999 ## -
-- 5285
-- 5285
Holdings
Withdrawn status Lost status Source of classification or shelving scheme Damaged status Not for loan Collection Home library Current library Shelving location Date acquired Total checkouts Full call number Barcode Date last seen Copy number Price effective from Koha item type
    Library of Congress Classification     Non-fiction Business Library (Miotso) Business Library (Miotso) General stacks 03/28/2025   BR60 ANT BSSM00001641 03/28/2025 1 03/28/2025 Books
    Library of Congress Classification     Non-fiction Business Library (Miotso) Business Library (Miotso) General stacks 03/28/2025   BR60 ANT BSSM00001642 03/28/2025 2 03/28/2025 Books
    Library of Congress Classification     Non-fiction Business Library (Miotso) Business Library (Miotso) General stacks 03/28/2025   BR60 ANT BSSM00001643 03/28/2025 3 03/28/2025 Books
    Library of Congress Classification     Non-fiction Business Library (Miotso) Business Library (Miotso) General stacks 03/28/2025   BR60 ANT BSSM00001644 03/28/2025 4 03/28/2025 Books
    Library of Congress Classification     Non-fiction Business Library (Miotso) Business Library (Miotso) General stacks 03/28/2025   BR60 ANT BSSM00001645 03/28/2025 5 03/28/2025 Books
    Library of Congress Classification     Non-fiction Business Library (Miotso) Business Library (Miotso) General stacks 03/28/2025   BR60 ANT BSSM00001646 03/28/2025 6 03/28/2025 Books
    Library of Congress Classification     Non-fiction Business Library (Miotso) Business Library (Miotso) General stacks 03/28/2025   BR60 ANT BSSM00001647 03/28/2025 7 03/28/2025 Books
    Library of Congress Classification     Non-fiction Business Library (Miotso) Business Library (Miotso) General stacks 03/28/2025   BR60 ANT BSSM00001648 03/28/2025 8 03/28/2025 Books
    Library of Congress Classification     Non-fiction Business Library (Miotso) Business Library (Miotso) General stacks 03/28/2025   BR60 ANT BSSM00001649 03/28/2025 9 03/28/2025 Books
    Library of Congress Classification     Non-fiction Business Library (Miotso) Business Library (Miotso) General stacks 03/28/2025   BR60 ANT BSSM00001650 03/28/2025 10 03/28/2025 Books
© 2023-2024 Copyright: Central University Libraries. All Rights Reserved | Created by: Mahone Tech Office